El decálogo

محفوظ في:
التفاصيل البيبلوغرافية
المؤلف الرئيسي: García López, Félix
التنسيق: كتاب
اللغة:الإسبانية
منشور في: Pamplona Verbo Divino 1994
الموضوعات:
الوسوم: إضافة وسم
لا توجد وسوم, كن أول من يضع وسما على هذه التسجيلة!

MARC

LEADER 00000nam a2200000 a 4500
001 UCX9994
003 CL-VaPUC
008 940706e19940000SP |||||||||||||||||spa|d
082 0 4 |a 222.16  |b GAR  |2 21 
100 |a García López, Félix  |9 282 
245 1 3 |a El decálogo 
300 |a 62 p 
942 |c BK 
945 |d 19940706 00:00:00  |a aalvarez 
260 |a Pamplona  |b Verbo Divino  |c 1994 
650 0 |a Biblia  |9 257603 
650 0 |a Antiguo testamento   |9 313678 
650 0 |a Pentateuco  |9 314343 
650 7 |a EXODO 20, 2-17  |2 CL-VaPUC  |9 327537 
650 7 |a DEUTERONOMIO 5, 6-21  |2 CL-VaPUC  |9 327538 
583 |a last modification  |c 20120812 04:26:19  |k Rodrigo Vera 
999 |c 229097  |d 229095 
952 |0 0  |1 0  |4 0  |6 222_160000000000000_GAR_1994  |7 0  |8 A  |9 229698  |a BIBTEO  |b BIBTEO  |d 2019-11-15  |i 2992116  |o 222.16 GAR 1994  |p 2992116  |r 2025-01-17  |w 2019-11-15  |y BK  |k ICR